00274nam a2200121Ia 4500100002900000250000600029654001100035245004100046260002700087082001800114300000800132546001200140 aAmbrosius/ E.E.& others  a2 aanalog aAnalog and digital Signal Processing bThomsan Learningc1999 a621.3822bAMB a807 aENGLISH